Monographs on the Physics and Chemistry of Materials
| Main Author: | |
|---|---|
| Format: | Section = Libro |
| Language: | Undetermined Spanish |
| Published: |
London
Oxford University Press
1966
|
| Subjects: |
| LEADER | 00474nam a2200181Ia 4500 | ||
|---|---|---|---|
| 008 | 240830s9999 xx 000 0 und d | ||
| 040 | |a CEDOC FIQ-RUSB / 539 K29 | ||
| 041 | |a spa | ||
| 082 | |a 539 K29 | ||
| 100 | 1 | |a Kelly, A. | |
| 245 | 1 | 0 | |a Monographs on the Physics and Chemistry of Materials |
| 260 | |a London |b Oxford University Press |c 1966 | ||
| 300 | |a 212 p.: il. | ||
| 650 | 7 | |a FISICOQUIMICA | |
| 650 | 7 | |b REFUERZO DE FIBRA | |
| 942 | |c BK |2 ddc | ||
| 991 | |a TEXTO | ||
| 999 | |c 13408 | ||